| 000 | 00377nam a2200169Ia 4500 | ||
|---|---|---|---|
| 001 | 504 | ||
| 003 | IN-NITTTR | ||
| 005 | 20251114232858.0 | ||
| 008 | 251113s9999||||xx |||||||||||||| ||eng|| | ||
| 040 | _beng | ||
| 040 | _cIN-NITTTR | ||
| 041 | _aeng | ||
| 082 | _a624.177 A97B | ||
| 100 | _aArya, A. S. | ||
| 245 | 0 |
_aBuilding design (structural) / _cArya, A. S. |
|
| 942 |
_2ddc _cBK |
||
| 999 |
_c40 _d40 |
||